| 000 | 00422nam a2200157Ia 4500 | ||
|---|---|---|---|
| 008 | 230718s9999 xx 000 0 und d | ||
| 041 | _aeng | ||
| 082 |
_a954.03'59 _bSIN |
||
| 100 |
_aSingh J. _9116383 |
||
| 245 |
_aJinnah _bIndia-Partition-Independence |
||
| 260 |
_c2009 _bRupa.Co |
||
| 300 | _a669 | ||
| 365 |
_cRs. _b695.00 |
||
| 700 |
_aSingh J. _9116383 |
||
| 906 |
_dO:0026615-Sep-2009B:143707-Sep-2009 _cGENRL _b139 |
||
| 999 |
_c322490 _d322490 |
||